000 00474nam a2200181Ia 4500
005 20250508160825.0
008 008 250505s9999 xx 000 0 hin d
037 _aTextual
040 _aFEDL
_beng
_cFEDL
041 _ahin
_2hin
084 _aFH, MIS
_qFEDL
100 _aMishra Govind
245 0 _aNaye purane maan-baap
260 _aAllahabad, India
_bRachna Prakashan
_c1973
300 _a178p
942 _cTEXL
_hFH, MIS
999 _c1366818
_d1366818